000 01489cam a2200349 a 4500
001 EDZ0000063650
003 StDuBDS
005 20161031105134.0
006 m||||||||d||||||||
007 cr |||||||||||
008 120319s2004 caua fo| 001|0|eng|d
020 _a9781452232584 (ebook) :
_cNo price
040 _aStDuBDS
_beng
_cStDuBDS
_epn
049 _aAlfaisal Main Library
050 0 _aQP86
_b.A44 2004
082 0 4 _a612.67
_223
100 1 _aAldwin, Carolyn M.
245 1 0 _aHealth, illness, and optimal aging
_h[electronic resource] :
_bbiological and psychosocial perspectives /
_cCarolyn M. Aldwin, Diane F. Gilmer ; foreword by James Birren.
260 _aThousand Oaks, Calif. ;
_aLondon :
_bSAGE,
_cc2004.
300 _a1 online resource (xvi, 418 p.) :
_bill.
504 _aIncludes bibliographical references and index.
520 8 _aThe authors undertake the difficult task of assembling an objective and holistic picture of human aging, including the physical aspects of aging, chronic disease and health promotion in the later years, for students and professionals.
521 _aSpecialized.
588 _aDescription based on print version record.
650 0 _aAging.
655 7 _aElectronic books.
_2local
700 1 _aGilmer, Diane F.
710 2 _aSage eBooks
776 0 8 _iPrint version :
_z9780761922599
856 4 0 _uhttp://ezproxy.alfaisal.edu/login?url=http://sk.sagepub.com/books/health-illness-and-optimal-aging
942 _2lcc
_cEBOOKS
999 _c480148
_d480148